| 000 | 00946nam a22003137a 4500 | ||
|---|---|---|---|
| 999 |
_c200438470 _d56682 |
||
| 001 | 200438470 | ||
| 003 | TR-AnTOB | ||
| 005 | 20200723141957.0 | ||
| 007 | ta | ||
| 008 | 200723s2017 tu 000 0 tur d | ||
| 020 | _a9786051862361 | ||
| 040 |
_aTR-AnTOB _beng _erda _cTR-AnTOB |
||
| 041 | 0 | _atur | |
| 050 | 1 | 4 |
_aPS3603.L353 _bS7719 2017 |
| 090 |
_aPS3603.L353 _bS7719 2017 |
||
| 100 | 1 |
_aClare, Jessica _etranslator _9128210 |
|
| 240 | 1 | 0 |
_aStranded with a billionaire. _lTurkish. |
| 245 | 1 | 0 |
_aMilyoner / _cJessica Clare ; çeviren: Arzu Şensoy. |
| 250 |
_a1. baskı : _bŞubat, 2017 |
||
| 264 | 1 |
_aİstanbul : _bNovella, _c2017. |
|
| 300 |
_a351 pages ; _c23 cm |
||
| 336 |
_2rdacontent _atext _btxt |
||
| 337 |
_2rdamedia _aunmediated _bn |
||
| 338 |
_2rdacarrier _avolume _bnc |
||
| 650 | 7 |
_aAmerikan edebiyatı _2etuturkob _977588 |
|
| 700 | 1 |
_aŞensoy, Arzu _etranslator _9128211 |
|
| 942 |
_2lcc _cBK |
||